000 00558nam a22001577a 4500
005 20150312175316.0
008 150217b xxu||||| |||| 00| 0 eng d
050 _aE450.
_bS645 2009
100 _aSmith, Danny
_915196
245 _aThe blood and the blues:
_cSmith, Danny
_bDaring Escapes, Dangerous Songs: The Legacy of Slavery's Underground Railroad
260 _aMilton Keynes
_bAuthentic
_c2009
300 _axiv, 215p.;
_c20cm.
651 _aUnited States
_vslaves, fugitives
_xsongs
_915197
700 _aHampson, Bill
_915198
942 _2lcc
_cMONOGRAPH
999 _c122068
_d122068